Uuno Turhapuro-elokuvat - Statistics

Yleistilastot
  • Tätä visaa on pelattu 469 kertaa
    465 viimeisimmän päivityksen jälkeen
  • Keskiarvotulos 10 / 19
Vastaustilastot
Ensi-ilta Elokuva % Oikein
1985 Uuno Epsanjassa
90%
1984 Uuno Turhapuro armeijan leivissä
88%
1973 Uuno Turhapuro
75%
1982 Uuno Turhapuro menettää muistinsa
66%
1986 Uuno Turhapuro muuttaa maalle
64%
1992 Uuno Turhapuro- Suomen tasavallan herra presidentti
57%
2004 Uuno Turhapuro- This Is My Life
56%
1993 Uuno Turhapuron poika
55%
1983 Uuno Turhapuron muisti palailee pätkittäin
54%
1976 Lottovoittaja UKK Turhapuro
50%
1988 Tupla-Uuno
48%
1991 Uuno Turhapuro herra Helsingin herra
47%
1978 Rautakauppias Uuno Turhapuro- presidentin vävy
43%
1987 Uuno Turhapuro- kaksoisagentti
42%
1977 Häpy Endkö? Eli kuinka Uuno Turhapuro sai niin kauniin ja rikkaan vaimon
39%
1990 Uunon huikeat poikamiesvuodet maaseudulla
39%
1981 Uuno Turhapuron aviokriisi
35%
1998 Johtaja Uuno Turhapuro- pisnismies
31%
1975 Professori Uuno D. G. Turhapuro
30%
Ehtoja vastaavia visoja ei löytynyt
Tulosjakauma
Jokaisen tuloksen saaneiden osuus
Persentiili vastausten määrän mukaan
Tuloshistoriasi
Et ole pelannut tätä visaa sen viimeisimmän päivityksen jälkeen